00381nam a22001217a 4500082001000000100002600010245013300036260003300169300001000202526001900212650001200231700001600243 aP-248 aAtif Hussain syn no 5 aDevelopment of Geographic Database for the Conversion of Paper Maps into Digital maps & GIS ApplicationscAtif Hussain, Aziz Ali aRisalpurbMCEc23 April 2003 aP-146 a0b0c0dP_248 aProject aMalik Azhar